| 000 | 00750cam a2200253 i 4500 | ||
|---|---|---|---|
| 999 |
_c200444738 _d62950 |
||
| 003 | TR-AnTOB | ||
| 005 | 20220722101847.0 | ||
| 007 | ta | ||
| 008 | 211102b fr 000 0 eng d | ||
| 040 |
_aTR-AnTOB _beng _erda _cTR-AnTOB |
||
| 041 | 0 | _aeng | |
| 050 | 1 | 4 |
_aHM132 _b.T73 |
| 090 |
_aTOBBK HM132 _b.T73 |
||
| 245 | 0 | 0 |
_aTraining in human relations : _ban experience in USA. |
| 264 | 1 |
_aParis: _bOECD, _c[date of publication not identified] |
|
| 300 |
_a96 pages ; _c27 cm |
||
| 336 |
_atext _btxt _2rdacontent |
||
| 337 |
_aunmediated _bn _2rdamedia |
||
| 338 |
_avolume _bnc _2rdacarrier |
||
| 650 | 0 |
_aInterpersonal relations _zUnited States _918268 |
|
| 942 |
_2z _cBK |
||